|
|
|
|
| LEADER |
00000cam a2200000 a 4500 |
| 001 |
vtls010184770 |
| 003 |
SK-MaSNL |
| 005 |
20260426002518.0 |
| 008 |
240315s2010 xo o g 001 0cslo |
| 015 |
|
|
|a SNBA2011/03-01319
|
| 020 |
|
|
|a 9788080846022
|q (viaz.)
|
| 035 |
|
|
|a 989D011A-3736-44DA-9C8F-739CE223E67F
|
| 035 |
|
|
|a urn:nbn:sk:snk-amk1aw
|
| 035 |
|
|
|a urn:nbn:sk:snk-am0087d0
|
| 040 |
|
|
|a SNK
|b slo
|c SNK
|e AACR2
|
| 041 |
0 |
|
|a slo
|b eng
|b ger
|b lat
|b pol
|
| 043 |
|
|
|a e-xo---
|
| 044 |
|
|
|a xo
|c SK
|
| 072 |
|
7 |
|a 27-9
|x Dejiny kresťanskej cirkvi
|2 konspekt
|
| 080 |
|
|
|a 321.74
|2 2001
|
| 080 |
|
|
|a 27-4
|2 2001
|
| 080 |
|
|
|a 2-67
|2 2001
|
| 080 |
|
|
|a 27-674.5
|2 2001
|
| 080 |
|
|
|a 27-726.2
|2 2001
|
| 080 |
|
|
|a 27-726.3
|2 2001
|
| 080 |
|
|
|a (437.6)
|2 2001
|
| 080 |
|
|
|a (048.8)
|2 2001
|
| 080 |
|
|
|a (092)
|2 2001
|
| 100 |
1 |
|
|a Dlugoš, František,
|d 1955-
|4 aut
|9 86634
|
| 245 |
1 |
0 |
|a Profily odvahy a viery
|c František Dlugoš a kolektív ; [autorsky prispeli: Stanislav Misál, Marcel Martinko ; autori fotografií: František Barnáš ... [et al.]]
|n 1. diel
|p Biskupi a kňazi zoči-voči smrti : 1944-1989
|
| 246 |
3 |
0 |
|a Biskupi a kňazi zoči-voči smrti
|
| 260 |
|
|
|a Ružomberok
|b Verbum
|c 2010
|
| 300 |
|
|
|a 174 s.
|b fotogr.
|c 30 cm
|
| 500 |
|
|
|a Profily autorov
|
| 504 |
|
|
|a Bibliogr. s. 159-162. Reg.
|
| 546 |
|
|
|a Res. angl., nem., lat. a poľ.
|
| 610 |
2 |
7 |
|a Katolícka cirkev
|2 SNKKA
|9 206702
|
| 648 |
|
7 |
|a 1944-1989
|2 SNKPH
|9 350748
|
| 650 |
0 |
7 |
|a náboženský život
|2 SNKPH
|9 1995
|
| 650 |
0 |
7 |
|a štát a cirkev
|2 SNKPH
|9 4233
|
| 650 |
0 |
7 |
|a komunistický režim
|2 SNKPH
|9 4699
|
| 650 |
0 |
7 |
|a náboženská perzekúcia
|2 SNKPH
|9 68303
|
| 650 |
0 |
7 |
|a katolícki biskupi
|2 SNKPH
|9 1759
|
| 650 |
0 |
7 |
|a katolícki kňazi
|2 SNKPH
|9 1290
|
| 650 |
0 |
7 |
|a Religious life
|2 SNKPHeng
|9 275462
|
| 650 |
0 |
7 |
|a Church and state
|2 SNKPHeng
|9 318079
|
| 650 |
0 |
7 |
|a Communist regime
|2 SNKPHeng
|9 306476
|
| 650 |
0 |
7 |
|a Religious persecution
|2 SNKPHeng
|9 265800
|
| 650 |
0 |
7 |
|a Bishops
|2 SNKPHeng
|9 287787
|
| 650 |
0 |
7 |
|a Catholic priests
|2 SNKPHeng
|9 267999
|
| 651 |
|
7 |
|a Slovensko
|2 SNKPHgeo
|9 14231
|
| 651 |
|
7 |
|a Slovensko
|x dejiny
|2 SNKPH
|9 13278
|
| 651 |
|
7 |
|a Slovakia
|2 SNKPHeng
|9 92630
|
| 651 |
|
7 |
|a Slovakia
|x history
|2 SNKPHeng
|9 266841
|
| 655 |
|
7 |
|a monografie
|2 SNKPH
|9 70139
|
| 655 |
|
7 |
|a biografie
|2 SNKPH
|9 27965
|
| 655 |
|
7 |
|a Monographs
|2 SNKPHeng
|9 120675
|
| 655 |
|
7 |
|a Biography
|2 SNKPHeng
|9 266314
|
| 700 |
1 |
|
|a Martinko, Marcel,
|d 1928-
|4 aut
|9 599643
|
| 700 |
1 |
|
|a Misál, Stanislav,
|d 1976-
|4 aut
|9 337793
|
| 700 |
1 |
|
|a Barnáš, František
|4 pht
|9 599644
|
| 919 |
|
|
|a 978-80-8084-602-2
|
| 958 |
|
|
|a NB
|
| 958 |
|
|
|a BX
|
| 958 |
|
|
|a NT
|
| 968 |
|
|
|d 2
|
| 999 |
|
|
|c 920613
|d 922543
|
| 952 |
|
|
|a SNK
|b SNK
|y PREZ
|7 0
|p 17A0682626
|o snkSB 80657
|i snk2010/28262
|8 0
|0 0
|1 0
|4 0
|d 2010-12-22
|f 1
|l 0
|r 2025-05-05 00:00:00
|w 2026-02-24
|
| 952 |
|
|
|a SNK
|b SNK
|y VYP
|7 0
|p 17A0682627
|o snkSB 80657 D1
|i snk2010/28264
|8 0
|0 0
|1 0
|4 0
|d 2010-12-22
|l 0
|r 2016-06-30 00:00:00
|w 2026-02-24
|